Flags from 1910 - Statistics

General Stats
  • This quiz has been taken 38 times
  • The average score is 14 of 31
Answer Stats
Picture Answer % Correct
China
96%
Germany
92%
Siam
73%
Austria-Hungary
69%
Mexico
65%
Canada
62%
Greece
62%
Ottoman Empire
62%
Nepal
58%
Serbia
58%
Afghanistan
54%
Haiti
54%
Italy
54%
Honduras
50%
Portugal
50%
Venezuela
50%
Ethiopia
46%
Montenegro
38%
Persia
38%
South Africa
38%
Newfoundland
35%
Andorra
31%
Ha’il
23%
Liechtenstein
23%
Morocco
23%
El Salvador
19%
Johor
12%
Riyadh
12%
Dervish State
8%
Asir
0%
Najran
0%
No matching quizzes found
Score Distribution
Percent of People with Each Score
Percentile by Number Answered
Your Score History
You have not taken this quiz